期刊信息 |
| 索取号 |
N55/XBDX
|
| 题名 |
西北大学学报
|
| 作者 |
西北大学学报编辑部
|
| 分册号 |
|
| 分册名 |
|
| 出版地 |
西安市
|
| 出版者 |
西北大学学报编辑部
|
| 标准刊号 |
1000-274X
|
| 出版频率 |
双月刊
|
| 中图法分类 |
N55
|
| 主题词 |
自然科学 斯刊; 自然科学 连续出版物
|
| 电子资源 | |
| |
|
| 000 | 00700nas0 2200229 45 | |
| 001 | 0736226906 | |
| 005 | 2007090410034690 | |
| 011 | @a1000-274X@d¥12.00 | |
| 091 | @aCN61-1072/N | |
| 100 | @a20070904d km y0chiy0120 ea | |
| 101 | 0 | @achi |
| 110 | @aagaz 0xx0 | |
| 200 | 1 | @a西北大学学报@AXi Bei Da Xue Xue Bao@i自然科学版@f西北大学学报编辑部@FXi Bei Da Xue Xue Bao Bian Ji Bu |
| 210 | @a西安市@c西北大学学报编辑部 | |
| 326 | @a双月刊 | |
| 517 | 1 | @a自然科学版@AZi Ran Ke Xue Ban |
| 606 | 0 | @a自然科学@x斯刊 |
| 606 | 0 | @a自然科学@x连续出版物 |
| 690 | @aN55@v4 | |
| 711 | 02 | @a西北大学学报编辑部@AXi Bei Da Xue Xue Bao Bian Ji Bu |
| 801 | 0 | @aCN@bPFT@c20070904 |
| 905 | @a213230@dN55@eXBDX | |
| 西北大学学报.自然科学版/西北大学学报编辑部.-西安市:西北大学学报编辑部 |
| ISSN 1000-274X:¥12.00 |
| ● |
| 相关链接: |
|
|
|
|